Szczegóły MARC21

Marketing generacji silver : jak skutecznie komunikować się z pokoleniem 50+ /

003 -Nazwa inst., której nr kontr. jest w polu 001 [,]
    • @
    • Nazwa instytucji, której n kontrolny jest w polu 001
    • NUKAT
005 -DATA I CZAS OSTATNIEJ MODYFIKACJI [,]
    • @
    • pole kontrolne
    • 20251008104047.0
020 -Międzynarod. znormalizowany nr książki - ISBN [ , ]
    • a
    • Numer ISBN
    • 9788395749803 Find
020 -Międzynarod. znormalizowany nr książki - ISBN [ , ]
    • z
    • Błędny ISBN (P)
    • 97883957498031 Find
040 -Instytucja sporządzająca opis [ , ]
    • a
    • Instytucja, która sporządziła opis (NP)
    • KAT 001/PD
    • b
    • Język katalogowania
    • pol
    • e
    • Zasady katalogowania
    • rda
    • c
    • Instytucja, która sporządziła rekord (NP)
    • KAT 001/PDs
    • d
    • Instytucja, która zmodyfikowała rekord (P)
    • KAT 001/PD
    • d
    • Instytucja, która zmodyfikowała rekord (P)
    • WA 14/PTs
    • d
    • Instytucja, która zmodyfikowała rekord (P)
    • WR U/DFs
942 -Rodzaj dokumentu [ , ]
    • c
    • Rodzaj dokumentu
    • Książka
245 -Strefa tytułu i oznaczenia odpowiedzialności [0,0]
    • a
    • Tytuł
    • Marketing generacji silver : Find
    • b
    • Ciąg dalszy tytułu (NP)
    • jak skutecznie komunikować się z pokoleniem 50+ / Find
    • c
    • Pozostałe elementy strefy tytułu i oznaczenia odpowiedzialności (NP)
    • redakcja Wojciech Kowalczyk, Piotr Machul.
246 -Wariant tytułu [3,0]
    • a
    • Tytuł (NP)
    • Marketing generacji silver :
    • b
    • Ciąg dalszy tytułu (NP)
    • jak skutecznie komunikować się z pokoleniem 50 plus
260 -Strefa adresu wydawniczego [ , ]
    • a
    • Miejsce wydania (P)
    • Warszawa :
    • b
    • Nazwa wydawcy (P)
    • VFP Communications,
    • c
    • Data wydania (P)
    • 2020.
300 -Strefa opisu fizycznego [ , ]
    • a
    • Określenie formy książki i/lub objętość (NP)
    • 246 stron :
    • b
    • Oznaczenie ilustracji (NP)
    • ilustracje kolorowe ;
    • c
    • Format (NP)
    • 21 cm.
336 -Typ zawartości [ , ]
    • a
    • Termin opisujący typ zawartości
    • Tekst
    • b
    • Kod określający zawartość
    • txt
    • 2
    • Źródło (terminu i kodu)
    • rdacontent
337 -Typ mediów [ , ]
    • a
    • Tryb odtwarzania
    • Bez urządzenia pośredniczącego
    • b
    • Kod typu mediów
    • n
    • 2
    • Źródło (terminu i kodu)
    • rdamedia
338 -Typ/rodzaj nośnika [ , ]
    • a
    • Hasło opisujące typ nośnika
    • Wolumin
    • b
    • Kod typu nośnika
    • nc
    • 2
    • Źródło (terminu i kodu)
    • rdacarrier
380 -Deskryptor - Forma dzieła (P) [ , ]
    • a
    • forma dzieła (NP)
    • Książki
380 -Deskryptor - Forma dzieła (P) [ , ]
    • a
    • forma dzieła (NP)
    • Publikacje fachowe
385 -Deskryptor - grupa odbiorców (P) [ , ]
    • a
    • termin określający odbiorcę (P)
    • Specjaliści i specjalistki ds. marketingu
388 -Deskryptor - czas powstania dzieła (P) [1, ]
    • a
    • Czas powstania dzieła (NP)
    • 2001-
500 -Uwaga ogólna [ , ]
    • a
    • Uwaga ogólna (NP)
    • Nazwiska redaktorów na stronie redakcyjnej.
500 -Uwaga ogólna [ , ]
    • a
    • Uwaga ogólna (NP)
    • Na stronie redakcyjnej: Inocjatorami projektu są TVP i VFP Communications Ltd.
648 -Hasło przedmiotowe - chronologia [ ,7]
    • a
    • Deskryptor chronologiczny
    • 2001-
    • 2
    • Źródło terminu
    • DBN
    • 9
    • KHW
    • 721449
650 -Hasło przedmiotowe [ ,7]
    • a
    • Hasło przedmiotowe
    • Marketing
    • z
    • Określnik geograficzny
    • Polska
    • y
    • Określnik chronologiczny
    • 1990-.
    • 2
    • Źródło terminu
    • kaba
    • 9
    • KHW
    • 359537
650 -Hasło przedmiotowe [ ,7]
    • a
    • Hasło przedmiotowe
    • Osoby w średnim wieku.
    • 2
    • Źródło terminu
    • kaba
    • 9
    • KHW
    • 143027
650 -Hasło przedmiotowe [ ,7]
    • a
    • Hasło przedmiotowe
    • Seniorzy.
    • 2
    • Źródło terminu
    • kaba
    • 9
    • KHW
    • 117789
650 -Hasło przedmiotowe [ ,7]
    • a
    • Hasło przedmiotowe
    • Starsi konsumenci.
    • 2
    • Źródło terminu
    • kaba
    • 9
    • KHW
    • 202241
650 -Hasło przedmiotowe [ ,7]
    • a
    • Hasło przedmiotowe
    • Baby boomers
    • 2
    • Źródło terminu
    • DBN
650 -Hasło przedmiotowe [ ,7]
    • a
    • Hasło przedmiotowe
    • Osoby w wieku starszym
    • 2
    • Źródło terminu
    • DBN
    • 9
    • KHW
    • 721536
650 -Hasło przedmiotowe [ ,7]
    • a
    • Hasło przedmiotowe
    • Środki masowego przekazu
    • 2
    • Źródło terminu
    • DBN
    • 9
    • KHW
    • 721820
650 -Hasło przedmiotowe [ ,7]
    • a
    • Hasło przedmiotowe
    • Starsi konsumenci
    • x
    • Określnik rzeczowy
    • postawy.
    • 2
    • Źródło terminu
    • kaba
    • 9
    • KHW
    • 499525
650 -Hasło przedmiotowe [ ,7]
    • a
    • Hasło przedmiotowe
    • Marketing
    • x
    • Określnik rzeczowy
    • aspekt społeczny.
    • 2
    • Źródło terminu
    • kaba
    • 9
    • KHW
    • 159846
655 -Hasło w funkcji tematu formalnego [ ,7]
    • a
    • Hasło
    • Poradnik
    • 2
    • Źródło terminu
    • DBN
    • 9
    • KHW
    • 721725
658 -Ujęcie treści [ , ]
    • a
    • dziedzina nauki i sztuki/ sfera aktywności życiowej
    • Media i komunikacja społeczna
658 -Ujęcie treści [ , ]
    • a
    • dziedzina nauki i sztuki/ sfera aktywności życiowej
    • Zarządzanie i marketing
700 -Hasło dodatkowe - nazwa osobowa [1, ]
    • a
    • Nazwa osobowa (NP)
    • Kowalczyk, Wojciech Find
    • c
    • Dopowiedzenie inne niż daty biograficzne (NP)
    • (marketing).
    • e
    • Określenie rodzaju współpracy
    • Redakcja
    • 9
    • KHW
    • 581644
700 -Hasło dodatkowe - nazwa osobowa [1, ]
    • a
    • Nazwa osobowa (NP)
    • Machul, Piotr Find
    • c
    • Dopowiedzenie inne niż daty biograficzne (NP)
    • (marketing).
    • e
    • Określenie rodzaju współpracy
    • Redakcja
    • 9
    • KHW
    • 581645
710 -Hasło dodatkowe - nazwa ciała zbiorowego [2, ]
    • a
    • Nazwa ciała zbiorowego lub nazwa geograficzna jako pierwszy element (NP)
    • VFP Communications.
    • e
    • Rodzaj współpracy
    • Wydawca
    • 4
    • Kod relacji
    • pbl
    • 9
    • KHW
    • 581643
856 -Dostęp do wersji elektronicznej [4,8]
    • 3
    • Wyszczególnienie materiału
    • Okładka
856 -Dostęp do wersji elektronicznej [4,1]
    • 3
    • Wyszczególnienie materiału
    • Spis treści
920 -ISBN [ , ]
    • a
    • ISBN
    • 978-83-957498-0-3 Find
920 -ISBN [ , ]
    • z
    • Błędny ISBN
    • 978-83-957498-0-31 Find
Status udost. Numer inwentarzowy Sygnatura Lokalizacja Data inwentaryzacji
-2T.21087T.21087T2021-02-22